Statystyki dla Jaka to melodia?

Kliknij tutaj aby rozwiązać quiz!

Ogólne statystyki

  • Ten quiz został rozwiązany 90 razy
  • Średni wynik to 4 z 17

Statystyki odpowiedzi

Cytat piosenkiTytuł piosenki% Poprawnych
Ya, ya me está gustando más de lo normal Todos mis sentidos van pidiendo más Esto hay que tomarlo sin ningún apuroDespacito
61%
Lekarstwem na zgagę Promocją w spożywczym Tramwajem na Pragę Napojem odżywczym Paczką papierosów Pasztetem kaliskimByłaś dla mnie wszystkim
59%
I remember years ago Someone told me I should take Caution when it comes to love, I did And you were strong and I was notImpossible
36%
You change your mind Like a girl changes clothes Yeah you, PMS Like a bitch I would know And you over think Always speak CrypticallyHot and cold
31%
Przemierzamy cały świat, Przemierzamy wszechświat, Dobijamy do bram i tam oczekujemy wejścia. Cały ten świat jest u stóp nam,1 moment
28%
I stay out too late Got nothing in my brain That's what people say, mmm-mmm That's what people say, mmm-mmmShake it off
28%
Another head hangs lowly Child is slowly taken And the violence, caused such silence Who are we mistaken? But you see, it's not me It's not my familyZombie
26%
You took your time with the call I took no time with the fall You gave me nothing at all But still you're in my wayCall me maybe
21%
Ja wchodzę zimno jak Daniel Craig, czasem jak Deys Nowe dni są jak tamten seks z jebniętą ex A jak mnie lubisz to spróbuj Ja chciałem odejść, ale usłyszałem "Nie idziesz Kubuś"Koszmar minionego lata
21%
A vacation in a foreign land Uncle Sam does the best he can You're in the army now Oh, oh, you're in the army nowIn The Army Now
16%
She's into superstition black cats and vodoo-dolls I feel a premonition that girl's gonna make me fall She's into new sensation new kicks in the candle light she's got a new addictionLivin' La Vida Loca
16%
Look, I was gonna go easy on you and not to hurt your feelings But I'm only going to get this one chance Something's wrong, I can feel it (Six minutes, Slim Shady, you're on) Just a feeling I've got, like something's about to happen, but I don't know whatRap God
16%
Sueño cuando era pequeño Sin preocupación en el corazón Sigo viendo aquel momento Se desvaneció, desaparecióSofia
14%
Kids were laughing in my classes While I was scheming for the masses Who do you think you are? Dreaming 'bout being a big starThunder
13%
As he came into the window It was the sound of a crescendo He came into her apartment He left the bloodstains on the carpetSmooth Criminal
9%
I want to be a shooting man (I want to be a shooting man) Left, right, left (Left, right, left) The military step (The military step) The air force rapCaptain Jack
5%
He didn't walk up with that, "how you doin'?" (When he came in the room) He said, "there's a lot of girls I can do with" (Oh but I can't without you)Hawana
4%

Rozkład punktacji

Percentyl według liczby udzielonych odpowiedzi

Procent ludzi z każdym wynikiem

Twoja historia wyników

Nie rozwiązałeś tego quizu